BSOP header

The witness goes out [videorecording] / (Record no. 6682)

MARC details
000 -LEADER
fixed length control field 00720nam a2200193 4500
008 - FIXED-LENGTH DATA ELEMENTS--GENERAL INFORMATION
fixed length control field 020508s1992 us eng
020 ## - INTERNATIONAL STANDARD BOOK NUMBER
International Standard Book Number 1878993321
090 ## - LOCALLY ASSIGNED LC-TYPE CALL NUMBER (OCLC); LOCAL CALL NUMBER (OCLC)
Classification number (OCLC) (R) ; Classification number, CALL (RLIN) (NR) 289.92
Local cutter number (OCLC) ; Book number/undivided call number, CALL (RLIN) M17
100 1# - MAIN ENTRY--PERSONAL NAME
Personal name MacGregor, Lori
245 10 - TITLE STATEMENT
Title The witness goes out [videorecording] /
Statement of responsibility, etc written by Lori MacGregor.
260 ## - PUBLICATION, DISTRIBUTION, ETC. (IMPRINT)
Place of publication, distribution, etc Stanford, CT :
Name of publisher, distributor, etc Jeremiah Films,
Date of publication, distribution, etc c1992.
300 ## - PHYSICAL DESCRIPTION
Extent 2 videocassette (48 mins.) :
Other physical details stereo. sd., col.
500 ## - GENERAL NOTE
General note VHS [original]; Beta [1st copy]
650 #4 - SUBJECT ADDED ENTRY--TOPICAL TERM
Topical term or geographic name as entry element Converts from Jehovah's Witnesses.
650 #4 - SUBJECT ADDED ENTRY--TOPICAL TERM
Topical term or geographic name as entry element Jehovah's Witnesses converts to Christianity.
650 #4 - SUBJECT ADDED ENTRY--TOPICAL TERM
Topical term or geographic name as entry element Jehovah's Witnesses
General subdivision Controversial literature.
700 1# - ADDED ENTRY--PERSONAL NAME
Personal name Stern, Leo.
951 ## - EQUIVALENCE OR CROSS-REFERENCE-GEOGRAPHIC NAME/AREA NAME [OBSOLETE] [CAN/MARC only]
-- V-1166
-- 289.92/M17-2
-- 070613111105000
-- 2000-12-21
-- VT
Holdings
Withdrawn status Lost status Damaged status Not for loan Home library Current library Shelving location Date acquired Accession number Shelving control number Total Checkouts Full call number Date last seen Price effective from Koha item type
        BSOP Library BSOP Library Video Tapes 12/21/2000 V-1166 127   289.92/M17-2 02/23/2013 02/23/2013 Books
BSOP

Biblical Seminary of the Philippines
  All rights Reserved
  © 2024

CONTACT INFORMATION

Biblical Seminary of the Philippines,
  77-B Karuhatan Road, Valenzuela City,
  PHILIPPINES 1441
  Phone: +632 8292-6795 / 8292-6798
  Fax : +632 8292-6675
  Email: library@bsop.edu.ph